| 000 | 00827nas a2200265 4500 | ||
|---|---|---|---|
| 001 | BR7305343 | ||
| 003 | BR-BrBNA | ||
| 005 | 20231205082521.0 | ||
| 007 | ta | ||
| 008 | 230509b bl.|||p| |||| 00| 00por d | ||
| 040 |
_aBR-BrBNA _bpor _cBiblioteca Nacional de Agricultura |
||
| 041 | _a(Pt) | ||
| 072 | _aL72 | ||
| 100 | 1 | _aLopes, C.W.G. | |
| 100 | 1 | _aCorrea, I.C. | |
| 100 | 1 | _aSilva, P.C. da | |
| 100 | 1 | _aSilveira, L.F. da | |
| 245 | 1 | _aPrevalencia e intensidade de infestacao de Helmintos gastrintestinais em Ovis aries do Estado da Bahia [ovino] | |
| 650 | _aOVINO | ||
| 650 | _aVERMINOSE | ||
| 650 | _aBAHIA | ||
| 773 | 0 |
_tPesquisa Agropecuaria Brasileira. Serie Veterinaria (Brazil) _xISSN 0079-113X _g(1975), v. 10(8) p. 27-29 _wBR7305343 |
|
| 909 |
_a202311 _bLúcia _c55 _dLúcia Elande |
||
| 942 |
_2AGRIS _n0 _cANA |
||
| 999 |
_c92477 _d92477 |
||